[Event "Piura op 7th"]
[Site "Piura"]
[Date "2013.09.21"]
[Round "5"]
[White "Collahuazo Vicente, Fernando"]
[Black "Zata Gonzales, Daniel"]
[Result "1-0"]
[WhiteElo "1623"]
[BlackElo "1843"]
[PlyCount "90"]
[EventDate "2013.09.20"]
[EventType "swiss"]
[EventRounds "7"]
[EventCountry "PER"]
[SourceTitle "CBM 156 Extra"]
[Source "ChessBase"]
[SourceDate "2013.10.22"]
[SourceVersion "1"]
[SourceVersionDate "2013.10.22"]
[SourceQuality "1"]

1. d4 Nf6 2. Nf3 d5 3. e3 Bf5 4. c4 e6 5. Nh4 Bxb1 6. Rxb1 c6 7. Bd2 Nbd7 8. Nf3 Bd6 9. Bd3 0-0 10. Bc3 dxc4 11. Bxc4 Qc7 12. Bd3 Rad8 13. Qc2 Rfe8 14. Ng5 h6 15. Nf3 e5 16. dxe5 Nxe5 17. Nxe5 Bxe5 18. Bxe5 Qxe5 19. 0-0 Ng4 20. g3 Qh5 21. h3 Qa5 22. Rfd1 Ne5 23. b4 Qc7 24. Be2 Qe7 25. b5 c5 26. b6 Rxd1+ 27. Bxd1 axb6 28. Rxb6 Qc7 29. Rb5 b6 30. a4 Nc6 31. Bf3 Na5 32. Bd5 Qd6 33. Qf5 Re7 34. Qd3 Rd7 35. e4 Kf8 36. Qf3 Ke8 37. Rb1 f6 38. Rd1 Qe5 39. Qd3 Ke7 40. Qb5 Rd6 41. Qa6 Qb2 42. Qd3 c4 43. Qf1 c3 44. Rb1 Qa3 45. Qd3 Rd8 1-0

[Event "Piura op 7th"]
[Site "Piura"]
[Date "2013.09.20"]
[Round "1"]
[White "Campossano Camo, Rodrigo"]
[Black "Collahuazo Vicente, Fernando"]
[Result "1-0"]
[WhiteElo "2135"]
[BlackElo "1623"]
[PlyCount "41"]
[EventDate "2013.09.20"]
[EventType "swiss"]
[EventRounds "7"]
[EventCountry "PER"]
[SourceTitle "CBM 156 Extra"]
[Source "ChessBase"]
[SourceDate "2013.10.22"]
[SourceVersion "1"]
[SourceVersionDate "2013.10.22"]
[SourceQuality "1"]

1. d4 d5 2. c4 e6 3. Nc3 Nf6 4. cxd5 exd5 5. Bg5 c6 6. Qc2 Bd6 7. e3 Nbd7 8. Bd3 Qc7 9. Nge2 b6 10. Rc1 c5 11. Nb5 Qc6 12. Nxd6+ Qxd6 13. Bf4 Qe7 14. Bb5 Bb7 15. dxc5 Rc8 16. Bd6 Rxc5 17. Bxc5 bxc5 18. Qxc5 Qe4 19. Qd6 Rf8 20. Rc7 Bc6 21. Rc8# 1-0